Historical Leaders - Statistics

General Stats
  • This quiz has been taken 25 times
  • The average score is 17 of 25
Answer Stats
Location/Kingdom Dates Person % Correct
3) Roman Empire 100-44 BC Julius Caesar
100%
18) France 1769-1821 Napoleon Bonaparte
91%
21) Nazi Germany 1889-1945 Adolf Hitler
87%
2) Macedon/Greek 356-323 BC Alexander the Great
87%
4) Ptolemaic Egypt 69-30 BC Cleopatra
87%
12) Mongol Empire 1162-1227 Genghis Khan
87%
17) United States 1732-1799 George Washington
83%
23) Cuba 1926-2016 Fidel Castro
78%
24) North Korea 1941-2011 Kim Jong il
78%
22) China 1893-1976 Mao Zedong
78%
25) Soviet Union 1931-2022 Mikhail Gorbachev
74%
16) Russia 1729-1796 Catherine
70%
6) Sparta 540-480 BC Leonidas
65%
15) Scotland (female) 1542-1587 Mary
65%
10) Norman 1028-1087 William the Conqueror
65%
8) Hunnic Empire 406-453 Attila
61%
9) Franks 748-814 Charlemagne
61%
13) Scotland (male) 1274-1329 Robert the Bruce
61%
19) Prussia/Germany 1815-1898 Otto Von Bismarck
57%
14) Aragon/Castile, Spain 1452-1516 Ferdinand
52%
1) Ancient Egypt 1342-1323 BC Tutankhamun
52%
5) Persia 519-465 BC Xerxes
52%
20) Confederacy 1808-1899 Jefferson Davis
48%
11) England 1166-1216 John
43%
7) Roman 272-337 AD Constantine
30%
No matching quizzes found
Score Distribution
Percent of People with Each Score
Percentile by Number Answered
Your Score History
You have not taken this quiz